000 00270nam a22001217a 4500
008 181031b xxu||||| |||| 00| 0 eng d
041 _aeng
080 _a101
100 _a24
101 _aFIL
245 _aIntroduction to Philosophy
_cPatrick, G.D.W
942 _2udc
_cBK
999 _c51335
_d51335